000 01341cam a22003495i 4500
999 _c28084
_d28055
001 20136820
003 EG-ScBUE
005 20200213154530.0
008 171109s2018 nyua f bd 001 0 eng d
020 _a9781138911772 (softcover)
040 _aDLC
_beng
_erda
_cDLC
_dEG-ScBUE
082 0 4 _a401.45
_bCUL
_222
100 1 _aCulpeper, Jonathan,
_d1966-
_eauthor.
245 1 0 _aSecond language pragmatics :
_bfrom theory to research /
_cJonathan Culpeper, Alison Mackey and Naoko Taguchi.
250 _aFirst edition.
264 1 _aNew York, NY ;
_aAbingdon, Oxon :
_bRoutledge / Taylor & Francis Group,
_c2018.
300 _axii, 237 pages :
_billustrations ;
_c24 cm
336 _atext
_btxt
_2rdacontent
337 _aunmediated
_bn
_2rdamedia
338 _avolume
_bnc
_2rdacarrier
504 _aIncludes bibliographical references and index.
650 7 _aPragmatics
_xResearch.
_2BUEsh
650 7 _aSecond language acquisition
_xResearch.
_2BUEsh
650 7 _aInterlanguage (Language learning)
_xResearch.
_2BUEsh
_937278
650 7 _aIntercultural communication
_xResearch.
_2BUEsh
650 7 _aLanguage and languages
_xStudy and teaching
_xResearch.
_2BUEsh
653 _bHHUUEENN
_cFebruary2020
700 1 _aMackey, Alison,
_eauthor.
700 1 _aTaguchi, Naoko,
_d1967-
_eauthor.
942 _2ddc
_cBB